Countries Mentioned in the Wikipedia Page of Donald Trump - Statistics

General Stats
  • This quiz has been taken 1,867 times
  • The average score is 20 of 29
Answer Stats
Frequency Context Country % Correct
80 Donald Trump is the 45th president in... history United States
100%
17 He launched a trade war against... that was widely characterized as a failure China
98%
10 Trump sought to build a wall at the border with... Mexico
98%
14 A special counsel investigation established that... had interfered in the election to favor Trump. Russia
98%
11 Trump withdrew the country from the Joint Comprehensive Plan of Action that lifted most economic sanctions against... in return for restrictions on their nuclear program. Iran
95%
3 Under Trump, the U.S. recognized Jerusalem as the capital of... Israel
93%
6 Trump is the only sitting President to step foot in... North Korea
91%
1 Trump signed this agreement with... abbreviated as USMCA and as the successor to NAFTA Canada
87%
4 Trump signed Executive Order 13769, which suspended admission of refugees for 120 days and denied entry to citizens of... Iraq
87%
1 Trump lent his name to the Tour de Trump cycling stage race, an attempt to create an American equivalent of European races such as the Tour de... France
85%
4 U.S. troop numbers in... increased from 8,500 in January 2017 to 14,000 a year later, Afghanistan
84%
5 Trump actively supported the... intervention against the Houthis Saudi Arabia
82%
7 Trump signed Executive Order 13769, which suspended admission of refugees for 120 days and denied entry to citizens of... Syria
82%
10 Trump was impeached for abuse of power and obstruction of Congress after he pressured... to investigate Joe Biden Ukraine
80%
2 Trump signed Executive Order 13769, which suspended admission of refugees for 120 days and denied entry to citizens of... Yemen
71%
3 the White House hosted the signing of agreements, named Abraham Accords, to normalise relations for... and its Middle East neighbours United Arab Emirates
66%
1 While in college, Trump obtained four student draft deferments during the... War Vietnam
66%
1 The special counsel also investigated the Trump campaign's possible ties to... Turkey
60%
1 The special counsel also investigated the Trump campaign's possible ties to... Qatar
54%
1 In a January 2018 discussion of immigration legislation, Trump reportedly referred to... as ****hole countries Haiti
48%
2 Trump signed Executive Order 13769, which suspended admission of refugees for 120 days and denied entry to citizens of... Sudan
48%
1 Trump signed Executive Order 13769, which suspended admission of refugees for 120 days and denied entry to citizens of... Somalia
46%
1 Trump signed Executive Order 13769, which suspended admission of refugees for 120 days and denied entry to citizens of... Libya
45%
1 the White House hosted the signing of agreements, named Abraham Accords, to normalise relations for... and its Middle East neighbours Bahrain
43%
1 the Trump Organization pursued expansions of its operations in Dubai, Scotland, and the... Dominican Republic
35%
1 In a January 2018 discussion of immigration legislation, Trump reportedly referred to... as ****hole countries El Salvador
33%
1 In a January 2018 discussion of immigration legislation, Trump reportedly referred to... as ****hole countries Honduras
33%
3 Donald John Trump was born on June 14, 1946, at... Hospital in Queens, New York City Jamaica
33%
1 Trump signed Executive Order 13769, which suspended admission of refugees for 120 days and denied entry to citizens of... Chad
24%
No matching quizzes found
Score Distribution
Percent of People with Each Score
Percentile by Number Answered
Your Score History
You have not taken this quiz